[Event "Bogota Avenida Chile op 5th"]
[Site "Bogota"]
[Date "2025.06.15"]
[Round "6"]
[White "Motta Lopez, Cristian Alejandro"]
[Black "Angulo Ricardo, Milton"]
[Result "0-1"]
[WhiteElo "1512"]
[BlackElo "1730"]
[PlyCount "144"]
[EventDate "2025.06.15"]
[EventType "swiss (rapid)"]
[EventRounds "7"]
[EventCountry "COL"]
[SourceTitle "CB25_2025"]
[SourceDate "2025.06.18"]
[SourceVersion "1"]
[SourceVersionDate "2025.06.18"]
[SourceQuality "1"]

1. e4 c6 2. d4 d5 3. Nd2 dxe4 4. Nxe4 Nf6 5. Nxf6+ exf6 6. Nf3 Bg4 7. Be2 Bd6 8. 0-0 0-0 9. h3 Be6 10. Be3 Qc7 11. c4 Bf5 12. Bd3 Bg6 13. Bxg6 hxg6 14. c5 Bf4 15. Re1 Nd7 16. Qd2 Bxe3 17. Rxe3 Rae8 18. Rae1 Rxe3 19. Rxe3 Qd8 20. Qb4 b6 21. Nd2 bxc5 22. dxc5 Ne5 23. Ne4 Qd1+ 24. Kh2 Qc2 25. Rc3 Qd1 26. Nd6 Nd3 27. Qd4 Nxf2 28. Qxf2 Rb8 29. Re3 Qd5 30. Ra3 Qe5+ 31. Qg3 Qxc5 32. Ne4 Qf8 33. Rb3 Re8 34. Nc3 f5 35. Qc7 Qc5 36. Rb8 Rxb8 37. Qxb8+ Kh7 38. Qf4 Qe7 39. g3 Qb7 40. Qf2 a5 41. g4 fxg4 42. hxg4 Qd7 43. Qg2 f5 44. gxf5 gxf5 45. Ne2 Qd6+ 46. Qg3 Qd2 47. Qg2 Qxb2 48. Nf4 Qe5 49. Qh3+ Kg8 50. Kg3 g5 51. Qh6 Qxf4+ 52. Kg2 Qe4+ 53. Kf1 g4 54. Qg6+ Kf8 55. Qf6+ Ke8 56. Qg6+ Kd7 57. Qg7+ Kd6 58. Qf8+ Ke5 59. Qe7+ Kf4 60. Qd6+ Kf3 61. Qd1+ Kg3 62. Qb3+ Qf3+ 63. Qxf3+ Kxf3 64. a4 g3 65. Kg1 Ke2 66. Kg2 f4 67. Kg1 f3 68. Kh1 f2 69. Kg2 f1Q+ 70. Kxg3 Qf3+ 71. Kh2 Qg4 72. Kh1 Kf2 0-1

[Event "Bogota Avenida Chile op 5th"]
[Site "Bogota"]
[Date "2025.06.15"]
[Round "7"]
[White "Roldan, Rolando"]
[Black "Motta Lopez, Cristian Alejandro"]
[Result "1/2-1/2"]
[WhiteElo "1592"]
[BlackElo "1512"]
[PlyCount "50"]
[EventDate "2025.06.15"]
[EventType "swiss (rapid)"]
[EventRounds "7"]
[EventCountry "COL"]
[SourceTitle "CB25_2025"]
[SourceDate "2025.06.18"]
[SourceVersion "1"]
[SourceVersionDate "2025.06.18"]
[SourceQuality "1"]

1. e4 c5 2. Nf3 g6 3. d4 cxd4 4. Nxd4 Bg7 5. Be3 Nc6 6. Bc4 Nf6 7. Nc3 0-0 8. f3 e6 9. Ndb5 d5 10. exd5 Nxd5 11. Nxd5 exd5 12. Be2 a6 13. Nd4 Re8 14. Nxc6 bxc6 15. Bd4 Bxd4 16. Qxd4 Qe7 17. Qd2 Rb8 18. c3 Qe3 19. Qxe3 Rxe3 20. Kf2 Re6 21. b3 c5 22. Rhd1 Bb7 23. Rd2 Rbe8 24. b4 c4 25. Rb1 Bc6 1/2-1/2